| 000 | 00762nam a22001937a 4500 | ||
|---|---|---|---|
| 999 |
_c4543 _d4543 |
||
| 001 | 7167 | ||
| 003 | BD-DhUAP | ||
| 005 | 20201112144257.0 | ||
| 008 | 201112r19682003bg |||| |||| 00| 0 ben d | ||
| 020 | _a9848210121 | ||
| 040 |
_aBD-DhUAP _bBen _cBD-DhUAP _dBD-DhUAP |
||
| 082 |
_223 _a306.095405 GHO |
||
| 100 | _aঘোষ, বিনয়। | ||
| 245 |
_aবাংলার সামাজিক ইতিহাসের ধারা : _b(১৮০০-১৯০০) / _cবিনয় ঘোষ। |
||
| 260 |
_aঢাকা : _bবুক ক্লাব, _c১৯৬৮ [মুদ্রণ ২০০৩]। |
||
| 300 |
_a২৭৮ পৃষ্ঠা ; _c২২ সেমি.। |
||
| 650 |
_a Social Condition _vPeriodicals _zBengali (India). |
||
| 942 |
_2ddc _cBK |
||